Mining the web: discovering knowledge from hypertext data

Spremljeno u:
Bibliografski detalji
Glavni autor: Chakrabarti, Soumen (Autor)
Format: Knjiga
Jezik:engleski
Izdano: San Francisco Morgan Kaufmann 2003
Serija:The Morgan Kaufmann Series in Data Management Systems
Teme:
Oznake: Dodaj oznaku
Bez oznaka, Budi prvi tko označuje ovaj zapis!

MARC

LEADER 00000nam a2200000 a 4500
001 UCL3509
003 CL-VaPUC
008 031128e20030000US |||||||||||||||||eng|d
020 |a 1558607544 
082 0 4 |a 004.6  |b CHA  |2 21 
100 0 |a Chakrabarti, Soumen  |e author  |9 480814 
245 1 0 |a Mining the web: discovering knowledge from hypertext data 
300 |a 345 p 
942 |c BK 
945 |d 20031128 00:00:00  |a cmena 
260 |a San Francisco  |b Morgan Kaufmann  |c 2003 
650 0 |a Páginas web  |9 386845 
650 0 |a Internet   |9 254823 
650 0 |a Gestión de la información   |9 362327 
650 7 |a RECURPERACION DE DATOS  |2 CL-VaPUC  |9 480815 
583 |a last modification  |c 20031128 00:00:00  |k Rodrigo Vera 
490 0 |a The Morgan Kaufmann Series in Data Management Systems 
999 |c 306542  |d 306540 
952 |0 0  |1 0  |4 0  |6 004_600000000000000_CHA_2003  |7 0  |8 A  |9 371597  |a FDOPOS  |b FDOPOS  |d 2019-11-21  |i 396891K  |o 004.6 CHA 2003  |p 396891K  |r 2025-01-22  |w 2019-11-21  |y BK  |k MLA 
952 |0 0  |1 0  |4 0  |6 004_600000000000000_CHA_2003  |7 0  |8 A  |9 371598  |a FDOPOS  |b FDOPOS  |d 2019-11-21  |i 4235827  |o 004.6 CHA 2003  |p 4235827  |r 2025-01-22  |w 2019-11-21  |y BK  |k MLA